Melbourne Tram Routes - City Circle (HARD) - Statistics

General Stats
  • This quiz has been taken 6 times
  • The average score is 11 of 24
Answer Stats
Suburb Stop Main Road Intersecting Road/Stop % Correct
Melbourne City 0 Spring St Bourke St
83%
Melbourne City 4 Flinders St Elizabeth St
83%
Melbourne City 1 La Trobe St Spencer St
83%
Melbourne City 1 Flinders St Spencer St
83%
Docklands D3 Harbour Esp Stadium Precinct-Bourke St
83%
Melbourne City 5 Flinders St Swanston St
83%
Melbourne City 3 La Trobe St Flagstaff Station
67%
Melbourne City 5 La Trobe St Melbourne Central Station
67%
Melbourne City 6 La Trobe St Melbourne Central Station/State Library Station
67%
Melbourne City 8 Flinders St Spring St
67%
Melbourne City 8 La Trobe St Exhibition St
50%
Melbourne City 6 Flinders St Russell St
50%
Carlton 10 Nicholson St Victoria Pde
50%
Melbourne City 9 La Trobe St Victoria St
50%
Docklands D4 Harbour Esp Docklands Park
33%
Melbourne City 2 Flinders St Melbourne Aquarium
33%
Docklands D1 La Trobe St Docklands Stadium
17%
Melbourne City 3 Flinders St Market St
17%
Docklands D5 Wurundjeri Way South Wharf
17%
Fitzroy 10 Nicholson St Albert St
0%
Docklands D2 Harbour Esp Central Pier
0%
Docklands D10 Docklands Dr New Quay Prom
0%
Southbank D6 Flinders St Victoria Police Centre
0%
Docklands D11 Docklands Dr Waterfront City
0%
No matching quizzes found
Score Distribution
Percent of People with Each Score
Percentile by Number Answered
Your Score History
You have not taken this quiz